Catalogue of Coptic and Arabic manuscripts in Dayr al-Suryān /
"A catalogue of the Coptic and Arabic collections at Dayr al-Suryan in Wadi al-Natrun, Egypt, to be published in multiple volumes, covering the following genre categories: Biblical Texts, along with Coptic Grammars and Lexica; Commentaries and Canons; Theology; Ascetic Discourses; Saints'...
Other Authors: , ,
Format: Book
Language: English
Published:
Lovanii :
In aedibus Peeters,
2020-<2022>
Series:
Corpus scriptorum Christianorum Orientalium ;
v. 677-678, 694, 697.
Corpus scriptorum Christianorum Orientalium. Subsidia ;
t. 139-140, 143-145.
Subjects:
Online Access: Login to view Source Login to view Source
Tags: Add Tag
Call Number: BX100 .C8 S94 v.139-140, 143-145
| LEADER | 04449nam a22006977a 4500 | ||
|---|---|---|---|
| 003 | OSt | ||
| 005 | 20260430062242.0 | ||
| 008 | 260430t20219999be h bc 000 0 eng c | ||
| 010 | |a 2020502310 | ||
| 020 | |a 9789042940130 |q volume 1 |q paperback | ||
| 020 | |a 9042940131 |q volume 1 |q paperback | ||
| 020 | |a 9789042940154 |q volume2 |q paperback | ||
| 020 | |z 9789042940147 |q volume 1 ; |q eISBN | ||
| 020 | |a 9042940158 |q volume 2 |q paperback | ||
| 020 | |z 9789042940161 |q volume 2 |q eISBN | ||
| 020 | |a 9789042943995 |q volume 3 |q paperback | ||
| 020 | |a 9789042944008 |q volume 3 |q eISBN | ||
| 020 | |a 9789042944671 |q volume 4 ; |q paperback | ||
| 020 | |z 9789042944688 |q voume 4 |q eISBN | ||
| 024 | 3 | |a 9789042940130 | |
| 024 | 3 | |a 9789042940154 | |
| 035 | |a 22030476 | ||
| 035 | |a (OCoLC)1201511260 | ||
| 040 | |a OHX |b eng |e rda |c OHX |d ISB |d OCLCO |d GRU |d YDX |d UBY |d OCLCO |d OCLCF |d TNK |d PAU |d UEJ |d OCLCO |d OCL |d YDX |d GRU |d ERASA |d UBY |d IND |d OCLCO |d DLC | ||
| 042 | |a pcc | ||
| 043 | |a f-ua--- | ||
| 050 | 1 | 4 | |a BX100 .C8 |b S94 v.139-140, 143-145 |
| 072 | 7 | |a BX |2 lcco | |
| 072 | 7 | |a Z |2 lcco | |
| 072 | 7 | |a PJ |2 lcco | |
| 245 | 0 | 0 | |a Catalogue of Coptic and Arabic manuscripts in Dayr al-Suryān / |c editors in chief, Stephen J. Davis and Father Bigoul al-Suryānī. |
| 264 | 1 | |a Lovanii : |b In aedibus Peeters, |c 2020-<2022> | |
| 300 | |a volumes : |b color facsimiles ; |c 24 cm. | ||
| 336 | |a text |b txt |2 rdacontent | ||
| 337 | |a unmediated |b n |2 rdamedia | ||
| 338 | |a volume |b nc |2 rdacarrier | ||
| 490 | 1 | |a Corpus scriptorum Christianorum Orientalium, |x 0070-0452 ; |v vol. 677-678, 694, 697 | |
| 490 | 1 | |a Corpus scriptorum Christianorum Orientalium. Subsidia, |x 0070-0444 ; |v 139-140, 143-145 | |
| 504 | |a Includes bibliographical references (pages xxxi-xxxv). | ||
| 505 | 0 | |a volume 1. Coptic and Arabic biblical texts, Coptic language resources, including biblical lexica / by Stephen J. Davis -- volume 2. Arabic commentaries and canons / by Stephen J. Davis -- volume 3. Arabic theology / by Stephen J. Davis and Mark N. Swanson -- volume 4. Arabic ascetic discourses / by by Stephen J. Davis and Mark N. Swanson | |
| 520 | 8 | |a "A catalogue of the Coptic and Arabic collections at Dayr al-Suryan in Wadi al-Natrun, Egypt, to be published in multiple volumes, covering the following genre categories: Biblical Texts, along with Coptic Grammars and Lexica; Commentaries and Canons; Theology; Ascetic Discourses; Saints' Lives and Sermons; and Liturgical Texts. In addition to introducing readers to the history and contents of the monastic library, this series collects data on approximately 1000 manuscripts, recording information on manuscript number and genre, works and contents, date, language, script, and material, scribes, patrons, and restorers, colophons and endowments, pages and numbering systems, dimensions, area of writing, and lines per page, cover and condition, and other details related to scribal practice and readers' insertions. The result will serve as a foundation for further research on Coptic and Christian Arabic literature and on the monastery and its important library." --Provided by publisher | |
| 610 | 2 | 0 | |a Dayr al-Suryān |x Library |v Catalogs. |
| 610 | 2 | 0 | |a Coptic Church |x Doctrines |v Bibliography |v Catalogs. |
| 630 | 0 | 0 | |a Bible |x Manuscripts |v Bibliography |v Catalogs. |
| 650 | 0 | |a Manuscripts, Arabic |v Bibliography |v Catalogs. | |
| 650 | 0 | |a Coptic manuscripts |v Bibliography |v Catalogs. | |
| 655 | 7 | |a Catalogs. |2 lcgft |0 https://id.loc.gov/authorities/genreForms/gf2014026057 | |
| 655 | 7 | |a Bibliographies. |2 lcgft |0 https://id.loc.gov/authorities/genreForms/gf2014026048 | |
| 700 | 1 | |a Davis, Stephen J., |e contributor, |e editor. | |
| 700 | 1 | |a Suryāni, Bigoul al- |e editor. | |
| 700 | 1 | |a Swanson, Mark N., |e editor. | |
| 776 | 0 | 8 | |z 9789042940147 |i e-book version |
| 830 | 0 | |a Corpus scriptorum Christianorum Orientalium ; |v v. 677-678, 694, 697. | |
| 830 | 0 | |a Corpus scriptorum Christianorum Orientalium. |p Subsidia ; |v t. 139-140, 143-145. | |
| 856 | 4 | |3 Volume 1, Table of contents |u http://swbplus.bsz-bw.de/bsz1738337952inh.htm | |
| 856 | 4 | |3 Volume 2, Table of contents |u http://swbplus.bsz-bw.de/bsz1753946123inh.htm | |
| 906 | |a 7 |b cbc |c pccadap |d 2 |e ncip |f 20 |g y-gencatlg | ||
| 942 | |2 lcc |c BK | ||
| 955 | |a BD25 2022-12-13 v. 3 and v. 4 rec'd TELEWORK REGULAR |i th05 2023-01-14 vols. 1-4 to PresSrvs |c rf06 2023-04-06 v. 3, Copy 2 to PresSrvs | ||
| 955 | |a LCAP batch update 2025-06-02-04:00: LCAPM-893 | ||
| 999 | |c 62207 |d 62207 | ||
